| 000 | 00828nam a2200241Ia 4500 | ||
|---|---|---|---|
| 003 | GCL | ||
| 008 | 140319s9999 xx 000 0 ara d | ||
| 040 |
_aGCL / _cGCL |
||
| 082 | 0 | 4 |
_a815 _bص م |
| 100 | 1 | _aعوض محمد الدورى | |
| 245 | 1 | 0 |
_aالمرأة فى احاديث الرئيس القائد صدام حسين من عام 1968 - 1983 م / _cعوض محمد الدورى |
| 700 | 1 | _aسليم عزيز عودة | |
| 700 | 1 | _aصدام حسين | |
| 250 | _aالاولى | ||
| 260 |
_aالعراق : _bالاتحاد العام لنساء الطرق ، _c1985 |
||
| 300 |
_a806 ص ؛ _c24 سم |
||
| 650 | 0 | 4 | _aالمرأة فى الحياة العامة |
| 650 | 0 | 4 | _aالعراق |
| 650 | 0 | 4 | _aالخطب |
| 650 | 0 | 4 | _aحقوق المرأة |
| 650 | 0 | 4 | _aالخطب - مجموعات |
| 942 |
_2ddc _cBK |
||
| 999 |
_c4537 _d4537 |
||